Исследование времени разряда в газах; Тезисы докладов на межвузовской научно-технической конференции по пробою диэлектриков и полупроводников

Bibliographic Details
Parent link:Тезисы докладов на межвузовской научно-технической конференции по пробою диэлектриков и полупроводников.— 1963.— С. 16
Main Author: Воробьев Г. А. Григорий Абрамович
Other Authors: Усов Ю. П. Юрий Петрович
Language:Russian
Published: 1963
Subjects:
Format: MixedMaterials Book Chapter
KOHA link:https://koha.lib.tpu.ru/cgi-bin/koha/opac-detail.pl?biblionumber=194177

MARC

LEADER 00000naa2a2200000 4500
001 194177
005 20231031182218.0
035 |a (RuTPU)RU\TPU\book\211780 
035 |a RU\TPU\tpu\4252 
090 |a 194177 
100 |a 20110407d1963 k y0rusy50 ca 
101 0 |a rus 
102 |a RU 
200 1 |a Исследование времени разряда в газах  |f Г. А. Воробьев, Ю. П. Усов 
463 0 |0 (RuTPU)RU\TPU\book\187258  |t Тезисы докладов на межвузовской научно-технической конференции по пробою диэлектриков и полупроводников  |f Томский политехнический институт (ТПИ)  |v С. 16  |d 1963  |p 83 с. 
610 1 |a электричество 
610 1 |a труды учёных ТПУ 
610 1 |a диэлектрики 
610 1 |a пробой 
700 1 |a Воробьев  |b Г. А.  |c российский ученый, электрофизик  |c профессор кафедры техники высоких напряжений Томского политехнического института  |c профессор Томского университета систем управления и радиоэлектроники  |f 1925-  |g Григорий Абрамович  |2 stltpush  |3 (RuTPU)RU\TPU\pers\19775 
701 1 |a Усов  |b Ю. П.  |c российский ученый, электротехник  |c профессор Томского политехнического университета, доктор технических наук  |f 1937-  |g Юрий Петрович  |2 stltpush  |3 (RuTPU)RU\TPU\pers\19875 
801 0 |a RU  |b 63413507  |c 20011210  |g PSBO 
801 2 |a RU  |b 63413507  |c 20111215  |g PSBO 
942 |c BK